Arctic Monkeys Lyrics - Hello You - Statistics

General Stats
  • This quiz has been taken 37 times
  • The average score is 139 of 210
Answer Stats
Lyrics % Correct
a
100%
Hello,
96%
Hello
96%
I
96%
you
96%
you,
96%
The
93%
the
93%
to
93%
in
89%
by
82%
it's
82%
its
82%
no
82%
this
82%
This
82%
your
82%
been
79%
for
79%
on
79%
they
79%
time
79%
And
75%
and
75%
I'll
75%
of
75%
before
71%
goodbye?
71%
gruesome
71%
If
71%
if
71%
Lego
71%
long
71%
movie
71%
Napoleon
71%
Show
71%
Vortex
71%
vortex
71%
admit
68%
apologise
68%
business
68%
call
68%
car
68%
elaborate
68%
ever
68%
from
68%
not
68%
one
68%
that
68%
thought
68%
times
68%
tubes
68%
up
68%
ought
64%
pumped
64%
"As
61%
draggin'
61%
-filled
61%
gas
61%
just
61%
last
61%
left
61%
noble
61%
out
61%
Read
61%
start
61%
still
61%
wakin'
61%
Why
61%
ball
57%
boulevard"
57%
could
57%
enough
57%
Hasn't
57%
have
57%
into
57%
Written
57%
chapter
54%
crystal
54%
dive
54%
glass
54%
more
54%
rewind
54%
rubber
54%
Shall
54%
some
54%
sparks
54%
stories
54%
Takin'
54%
thank
54%
them
54%
There's
54%
around
50%
at
50%
card
50%
Club?
50%
down
50%
I've
50%
little
50%
message
50%
reaches
50%
re-address
50%
road
50%
seventeen
50%
stop
50%
swing
50%
Underlined
50%
us
50%
again
46%
burn
46%
catch
46%
electric
46%
end
46%
feel
46%
right
46%
thoughtful
46%
warrior's
46%
where
46%
Z's
46%
daze
43%
fruitlessly
43%
get
43%
level
43%
meandering
43%
motorcade
43%
pass
43%
Snooker
43%
beaches
39%
home
39%
leaves
39%
pull
39%
shave
39%
specialising
39%
country
36%
kind
36%
lane
36%
snorkelled
36%
harmonies
32%
Pickin'
32%
tractor
32%
Waitin'
32%
along
29%
moment
29%
Overtaking
29%
bends
25%
Rawborough
25%
sets
25%
winds
25%
No matching quizzes found
Score Distribution
Percent of People with Each Score
Percentile by Number Answered
Your Score History
You have not taken this quiz